Biblioteca

Nuevo paradigma teológico / Juan José Tamayo-Acosta (Registro nro. 33984)

Detalles MARC
000 -LÍDER
Campo fijo de descripción fija 004110000a22001570004500
020 ## - NÚMERO INTERNACIONAL NORMALIZADO PARA LIBROS
Número Internacional Normalizado del libro 84-8164-580-x
041 0# - CÓDIGO DE IDIOMA
Código de idioma para texto/pista de sonido o título separado
082 04 - NÚMERO DE CLASIFICACIÓN DECIMAL DEWEY
Número de clasificación G 230 Tam
001 - NÚMERO DE CONTROL
Campo de control 3304
100 1# - ASIENTO PRINCIPAL--NOMBRE PERSONAL
Nombre personal Tamayo Acosta, Juan José
245 10 - TÍTULO
Título del Material Nuevo paradigma teológico / Juan José Tamayo-Acosta
260 ## - PUBLICACIÓN, DISTRIBUCIÓN, ETC. (PIE DE IMPRENTA)
Lugar de publicación, distribución, etc. Madrid, España : Trotta
300 ## - DESCRIPCIÓN FÍSICA
Extensión 214 Pag
942 ## - TIPO DE MATERIAL (KOHA)
Tipo de Item KOHA Libros General

No hay ítems disponibles.

Biblioteca FUSBC | Teléfono: (57+4) 349 88 10 Ext. 141| WhatsApp (+57) 3005338115 
E-mail: biblioteca@unisbc.edu.co | Calle 76 87-14 Robledo Palenque, Medellín, Colombia

Con tecnología Koha